<?xml version="1.0" encoding="UTF-8"?>
<collection xmlns="http://www.loc.gov/MARC21/slim">
 <record>
  <leader>03036nam a22004817i 4500</leader>
  <controlfield tag="001">36878</controlfield>
  <controlfield tag="003">BD-DhAAL</controlfield>
  <controlfield tag="005">20211222163853.0</controlfield>
  <controlfield tag="008">311219t2016    orua     f    001 0 eng d</controlfield>
  <datafield tag="999" ind1=" " ind2=" ">
   <subfield code="c">41981</subfield>
   <subfield code="d">41981</subfield>
  </datafield>
  <datafield tag="010" ind1=" " ind2=" ">
   <subfield code="a">  2016951904</subfield>
  </datafield>
  <datafield tag="020" ind1=" " ind2=" ">
   <subfield code="a">9781942788003</subfield>
  </datafield>
  <datafield tag="040" ind1=" " ind2=" ">
   <subfield code="a">BTCTA</subfield>
   <subfield code="b">eng</subfield>
   <subfield code="e">rda</subfield>
   <subfield code="c">BTCTA</subfield>
   <subfield code="d">YDXCP</subfield>
   <subfield code="d">BDX</subfield>
   <subfield code="d">OCLCQ</subfield>
   <subfield code="d">CPL</subfield>
   <subfield code="d">NBO</subfield>
   <subfield code="d">OCLCF</subfield>
   <subfield code="d">QBX</subfield>
   <subfield code="d">GO3</subfield>
   <subfield code="d">OCLCA</subfield>
   <subfield code="d">Z35</subfield>
   <subfield code="d">CHVBK</subfield>
   <subfield code="d">OCLCO</subfield>
   <subfield code="d">BKL</subfield>
   <subfield code="d">OCL</subfield>
   <subfield code="d">OCLCA</subfield>
   <subfield code="d">QQ3</subfield>
   <subfield code="d">DLC</subfield>
   <subfield code="d">BD-DhAAL</subfield>
  </datafield>
  <datafield tag="050" ind1="0" ind2="0">
   <subfield code="a">QA76.76.D47</subfield>
   <subfield code="b">K555 2016</subfield>
  </datafield>
  <datafield tag="082" ind1="0" ind2="4">
   <subfield code="a">658</subfield>
   <subfield code="2">23</subfield>
  </datafield>
  <datafield tag="100" ind1="1" ind2=" ">
   <subfield code="a">Kim, Gene</subfield>
   <subfield code="9">38697</subfield>
  </datafield>
  <datafield tag="245" ind1="1" ind2="4">
   <subfield code="a">The DevOps handbook :</subfield>
   <subfield code="b">how to create world-class agility, reliability, &amp; security in technology organizations /</subfield>
   <subfield code="c">by Gene Kim, Jez Humble, Patrick Debois, and John Willis ; foreword by John Allspaw.</subfield>
  </datafield>
  <datafield tag="250" ind1=" " ind2=" ">
   <subfield code="a">First edition.</subfield>
  </datafield>
  <datafield tag="264" ind1=" " ind2="1">
   <subfield code="a">Portland, OR :</subfield>
   <subfield code="b">IT Revolution Press, LLC,</subfield>
   <subfield code="c">c2016.</subfield>
  </datafield>
  <datafield tag="300" ind1=" " ind2=" ">
   <subfield code="a">xxxvii, 437 pages :</subfield>
   <subfield code="b">color illustrations ;</subfield>
   <subfield code="c">23 cm.</subfield>
  </datafield>
  <datafield tag="504" ind1=" " ind2=" ">
   <subfield code="a">Includes bibliographical references (pages 366-407) and index.</subfield>
  </datafield>
  <datafield tag="520" ind1=" " ind2=" ">
   <subfield code="a">&quot;Increase profitability, elevate work culture, and exceed productivity goals through DevOps practices. More than ever, the effective management of technology is critical for business competitiveness. For decades, technology leaders have struggled to balance agility, reliability, and security. The consequences of failure have never been greater--whether it's the healthcare.gov debacle, cardholder data breaches, or missing the boat with Big Data in the cloud. And yet, high performers using DevOps principles, such as Google, Amazon, Facebook, Etsy, and Netflix, are routinely and reliably deploying code into production hundreds, or even thousands, of times per day. Following in the footsteps of The Phoenix Project, The DevOps Handbook shows leaders how to replicate these incredible outcomes, by showing how to integrate Product Management, Development, QA, IT Operations, and Information Security to elevate your company and win in the marketplace&quot;--</subfield>
  </datafield>
  <datafield tag="526" ind1=" " ind2=" ">
   <subfield code="a">CSE</subfield>
  </datafield>
  <datafield tag="541" ind1=" " ind2=" ">
   <subfield code="a">Karim International</subfield>
   <subfield code="e">36878</subfield>
  </datafield>
  <datafield tag="650" ind1=" " ind2="0">
   <subfield code="a">Agile software development.</subfield>
   <subfield code="9">38698</subfield>
  </datafield>
  <datafield tag="650" ind1=" " ind2="0">
   <subfield code="a">Information technology</subfield>
   <subfield code="x">Management.</subfield>
   <subfield code="9">38699</subfield>
  </datafield>
  <datafield tag="650" ind1=" " ind2="0">
   <subfield code="a">Computer software</subfield>
   <subfield code="x">Development.</subfield>
   <subfield code="9">38700</subfield>
  </datafield>
  <datafield tag="650" ind1=" " ind2="0">
   <subfield code="a">Corporate culture.</subfield>
   <subfield code="9">38701</subfield>
  </datafield>
  <datafield tag="650" ind1=" " ind2="0">
   <subfield code="a">Industrial management.</subfield>
   <subfield code="9">38702</subfield>
  </datafield>
  <datafield tag="650" ind1=" " ind2="7">
   <subfield code="a">Agile software development.</subfield>
   <subfield code="2">fast</subfield>
   <subfield code="9">38698</subfield>
  </datafield>
  <datafield tag="650" ind1=" " ind2="7">
   <subfield code="a">Computer software.</subfield>
   <subfield code="x">Development.</subfield>
   <subfield code="2">fast</subfield>
   <subfield code="9">38700</subfield>
  </datafield>
  <datafield tag="650" ind1=" " ind2="7">
   <subfield code="a">Corporate culture.</subfield>
   <subfield code="2">fast</subfield>
   <subfield code="9">38701</subfield>
  </datafield>
  <datafield tag="650" ind1=" " ind2="7">
   <subfield code="a">Industrial management.</subfield>
   <subfield code="2">fast</subfield>
   <subfield code="9">38702</subfield>
  </datafield>
  <datafield tag="650" ind1=" " ind2="7">
   <subfield code="a">Information technology</subfield>
   <subfield code="x">Management.</subfield>
   <subfield code="2">fast</subfield>
   <subfield code="9">38699</subfield>
  </datafield>
  <datafield tag="650" ind1=" " ind2="7">
   <subfield code="a">DevOps</subfield>
   <subfield code="2">gnd</subfield>
   <subfield code="9">38704</subfield>
  </datafield>
  <datafield tag="650" ind1=" " ind2="7">
   <subfield code="a">Computer science</subfield>
   <subfield code="9">42582</subfield>
  </datafield>
  <datafield tag="700" ind1="1" ind2=" ">
   <subfield code="a">Debois, Patrick</subfield>
   <subfield code="9">38705</subfield>
  </datafield>
  <datafield tag="700" ind1="1" ind2=" ">
   <subfield code="a">Willis, John</subfield>
   <subfield code="9">38706</subfield>
  </datafield>
  <datafield tag="700" ind1="1" ind2=" ">
   <subfield code="a">Humble, Jez</subfield>
   <subfield code="9">38707</subfield>
  </datafield>
  <datafield tag="700" ind1="1" ind2=" ">
   <subfield code="a">Allspaw, John,</subfield>
   <subfield code="e">writer of foreword</subfield>
   <subfield code="9">38708</subfield>
  </datafield>
  <datafield tag="852" ind1=" " ind2=" ">
   <subfield code="a">Ayesha Abed Library</subfield>
   <subfield code="c">General Stacks</subfield>
  </datafield>
  <datafield tag="942" ind1=" " ind2=" ">
   <subfield code="2">ddc</subfield>
   <subfield code="c">BK</subfield>
  </datafield>
  <datafield tag="952" ind1=" " ind2=" ">
   <subfield code="0">0</subfield>
   <subfield code="1">0</subfield>
   <subfield code="2">ddc</subfield>
   <subfield code="4">0</subfield>
   <subfield code="6">658_000000000000000_KIM</subfield>
   <subfield code="7">0</subfield>
   <subfield code="9">67571</subfield>
   <subfield code="a">BRACUL</subfield>
   <subfield code="b">BRACUL</subfield>
   <subfield code="c">GEN</subfield>
   <subfield code="d">2019-12-29</subfield>
   <subfield code="e">Karim International</subfield>
   <subfield code="g">2800.00</subfield>
   <subfield code="l">3</subfield>
   <subfield code="m">28</subfield>
   <subfield code="o">658 KIM</subfield>
   <subfield code="p">3010036878</subfield>
   <subfield code="r">2025-10-06</subfield>
   <subfield code="s">2025-07-17</subfield>
   <subfield code="t">1</subfield>
   <subfield code="v">2800.00</subfield>
   <subfield code="w">2019-12-29</subfield>
   <subfield code="y">BK</subfield>
  </datafield>
 </record>
</collection>
